000 00661nam a2200229 i 4500
001 8748
003 ES-MaACL
005 20230906145524.0
007 t|
008 920831s1990 sp ||||1| spa d
020 _a84-8686-11-A
080 _a86-14"19"
080 _a86(Mayrata,R.7 D.01)
100 1 _aMayrata, Ramón.
_979442
245 1 4 _aUna Duda de Alicia /
_cRamón Mayrata.
260 _aMadrid :
_bFrakson,
_cD.L. 1990.
300 _a59 p. :
_bil. ;
_c18 cm.
490 1 _aColección Estigia ;
_v2
830 0 _aColección Estigia ;
_v2
_9227994
852 _aES-MaACL
_jL-16236
_bR.117877
_q. - Ded. autógr. del autor
999 _c8748
_d8748